000 00428nam a2200181Ia 4500
001 10832
005 20260306161901.0
008 260306t1962||||xx |||||||||||||| ||spa||
041 _aESP
082 _a974
_bA159
100 _aAlvear Acevedo, Carlos
_eAUT
245 0 _aSíntesis de historia mexicana
260 _c1962
300 _a96 páginas :
_c23 cm.
650 _aGEN
654 _aCHU
942 _cLIB
_dJUS
_fJUS
_2ddc
_n
999 _c10832
_d10832